Riziková artérioskleróza

Bibliographic Details
Main Author: Košlík, Štefan (Author)
Format: Article
Language:Slovak

MARC

LEADER 00000nab a2200000ua 4500
001 vtls010829660
003 SK-MaSNL
005 20260303144429.0
008 230222s2002 xo |||||||||||||||||slo|
035 |a (urnnbn)urn:nbn:sk:snk:ar-a06fyk 
035 |a urn:nbn:sk:snk-ab5uyv 
035 |a (uuid)00a2daa0-fb9e-49a1-a74f-a1a46c929d71 
040 |a SNKBUCL  |b slo  |c SNKBUCL  |e AACR2 
041 0 |a slo 
044 |a xo  |c SK 
100 1 |a Košlík, Štefan  |4 aut  |9 810201 
245 1 0 |a Riziková artérioskleróza  |c Štefan Košlík 
773 0 |t Sestra : odborný mesačník pre ošetrovateľstvo  |g Roč. 1, č. 6 (2002), s. 45 
954 |a odborná, vedecká literatúra pôvodná (slovenská)  |2 lita 
958 |a OND 
958 |a EUIPO 
958 |a article5 
999 |c 1997402  |d 1999332